Arsenal FC Squad 2013-2014 - Statistics

General Stats
  • This quiz has been taken 42 times
  • The average score is 20 of 33
Answer Stats
# Position Nation Player % Correct
1 GK Poland Wojciech Szczęsny
94%
11 MF Germany Mesut Özil
88%
7 MF Czech Republic Tomáš Rosický
85%
16 MF Wales Aaron Ramsey
82%
- Coach France Arsène Wenger
82%
3 DF France Bacary Sagna
82%
21 GK Poland Łukasz Fabiański
82%
12 FW France Olivier Giroud
82%
4 DF Germany Per Mertesacker
82%
19 MF Spain Santi Cazorla
82%
9 FW Germany Lukas Podolski
79%
5 DF Belgium Thomas Vermaelen
79%
6 DF France Laurent Koscielny
76%
14 FW England Theo Walcott
76%
10 MF England Jack Wilshere
71%
15 MF England Alex Oxlade-Chamberlain
68%
17 DF Spain Nacho Monreal
68%
8 MF Spain Mikel Arteta
62%
23 FW Denmark Nicklas Bendtner
62%
30 FW South Korea Chu-young Park
56%
28 DF England Kieran Gibbs
56%
29 MF Sweden Kim Källström
47%
20 MF France Mathieu Flamini
47%
25 DF England Carl Jenkinson
44%
22 FW France Yaya Sanogo
41%
44 FW Germany Serge Gnabry
38%
24 MF France Abou Diaby
32%
26 MF Ghana Emmanuel Frimpong
32%
13 GK Italy Emiliano Viviano
26%
31 FW Japan Ryo Miyaichi
26%
57 MF China Nico Yennaris
12%
42 MF Germany Thomas Eisfeld
12%
53 MF Sweden Kristoffer Olsson
6%
No matching quizzes found
Score Distribution
Percent of People with Each Score
Percentile by Number Answered
Your Score History
You have not taken this quiz